00409 2200157 4500001002100000008004100021035002000062245005800082250000600140260002900146300001500175020002200190084001700212082001100229990001100240INLIS000000000000247 ind  a0010-0922000088 aJitu dan Mudah Lulus Sertifikasi GurucHoyyima Khoiri a1 aYogyakartabBeningc2010 a147c14 cm a978-602-955-821-0 a371.12 HOY j a371.12 aMD0124